00406nam a22001097a 4500008004100000020001800041050002100059100001900080245013900099260004500238300001300283241029b |||||||| |||| 00| 0 eng d a9789966262011 aJZ5584.S74b.A34 aAgesa, Ruth M. aWomen's role in the negotiation processes in Southern Sudan :b A case of the 2005 Machakos/ Naivasha peace process/by cRuth M. Agesa aEldoret, KenyabUtafiti foundationc2022 axi, 67p.